First Level Administrative Division by GDP - Statistics

General Stats
  • This quiz has been taken 15 times
  • The average score is 14 of 20
Answer Stats
Country GDP (Billion $) Division % Correct
United States 4013.12 California
86%
United Kingdom 2897.55 England
86%
United States 1705.57 Florida
86%
United States 2297.03 New York
86%
United States 2709.39 Texas
86%
Japan 1027.00 Tokyo
86%
Germany 856.67 Bavaria
79%
France 1048.00 Île-de-France
79%
Canada 878.71 Ontario
79%
United States 1024.21 Pennsylvania
79%
United States 882.54 Georgia
71%
United States 1137.24 Illinois
71%
United States 927.74 Ohio
71%
China 1988.03 Guangdong
64%
Germany 1022.00 North Rhine-Westphalia
64%
China 908.45 Sichuan
50%
China 892.91 Henan
43%
China 1923.81 Jiangsu
43%
China 1384.02 Shandong
43%
China 1265.58 Zhejiang
43%
No matching quizzes found
Score Distribution
Percent of People with Each Score
Percentile by Number Answered
Your Score History
You have not taken this quiz